Catholic pentecostals. (Record no. 14161)

000 -LEADER
fixed length control field 00603nam a2200193 a 4500
001 - CONTROL NUMBER
control field :::00011985$&:&@@
003 - CONTROL NUMBER IDENTIFIER
control field OkBaRHE
005 - DATE AND TIME OF LATEST TRANSACTION
control field 20000607103414.0
008 - FIXED-LENGTH DATA ELEMENTS--GENERAL INFORMATION
fixed length control field s1969 j 000 0 eng u
040 ## - CATALOGING SOURCE
Transcribing agency
100 1# - MAIN ENTRY--PERSONAL NAME
Personal name Ranaghan, Kevin.
245 10 - TITLE STATEMENT
Title Catholic pentecostals.
260 ## - PUBLICATION, DISTRIBUTION, ETC. (IMPRINT)
Place of publication, distribution, etc Paramus, NJ., :
Name of publisher, distributor, etc Paulist Press
Date of publication, distribution, etc 1969
300 ## - PHYSICAL DESCRIPTION
Extent v, 266 p. ;
Dimensions 18 cm.
650 ## - SUBJECT ADDED ENTRY--TOPICAL TERM
Topical term or geographic name as entry element Pentecostalism
700 ## - ADDED ENTRY--PERSONAL NAME
Personal name Ranaghan, Dorothy.
942 ## - ADDED ENTRY ELEMENTS (KOHA)
Source of classification or shelving scheme
Koha item type Books
Copies
Total Checkouts Full call number Damaged status Shelving location Current Location Lost status Date last seen Date checked out Barcode Withdrawn status Koha item type Not for loan Date acquired Permanent Location Source of classification or shelving scheme Copy number Price effective from
1BX 8763 .R3 General StacksRHEMA Bible Training College 2011-02-182011-02-1111985 Books 2010-04-14RHEMA Bible Training College 12010-04-14